Love's labor : (Record no. 41806)
[ view plain ]
| 000 -LEADER | |
|---|---|
| fixed length control field | 05408cam a2200973 a 4500 |
| 001 - CONTROL NUMBER | |
| control field | ocm38936699 |
| 003 - CONTROL NUMBER IDENTIFIER | |
| control field | OCoLC |
| 005 - DATE AND TIME OF LATEST TRANSACTION | |
| control field | 20221005110603.0 |
| 008 - FIXED-LENGTH DATA ELEMENTS--GENERAL INFORMATION | |
| fixed length control field | 980326s1999 nyu b 001 0 eng |
| 010 ## - LIBRARY OF CONGRESS CONTROL NUMBER | |
| LC control number | 98018629 |
| 015 ## - NATIONAL BIBLIOGRAPHY NUMBER | |
| National bibliography number | GB9911577 |
| Source | bnb |
| 015 ## - NATIONAL BIBLIOGRAPHY NUMBER | |
| National bibliography number | GB99Z6854 |
| Source | bnb |
| 016 7# - NATIONAL BIBLIOGRAPHIC AGENCY CONTROL NUMBER | |
| Record control number | 012616677 |
| Source | Uk |
| 020 ## - INTERNATIONAL STANDARD BOOK NUMBER | |
| International Standard Book Number | 9780415904124 |
| Qualifying information | (hc. ; |
| -- | alk. paper) |
| 020 ## - INTERNATIONAL STANDARD BOOK NUMBER | |
| International Standard Book Number | 0415904129 |
| Qualifying information | (hc. ; |
| -- | alk. paper) |
| 020 ## - INTERNATIONAL STANDARD BOOK NUMBER | |
| International Standard Book Number | 0415904137 |
| Qualifying information | (pbk. ; |
| -- | alk. paper) |
| 020 ## - INTERNATIONAL STANDARD BOOK NUMBER | |
| International Standard Book Number | 9780415904131 |
| Qualifying information | (pbk. ; |
| -- | alk. paper) |
| 029 1# - OTHER SYSTEM CONTROL NUMBER (OCLC) | |
| OCLC library identifier | AU@ |
| System control number | 000013819186 |
| 029 1# - OTHER SYSTEM CONTROL NUMBER (OCLC) | |
| OCLC library identifier | DEBBG |
| System control number | BV012511892 |
| 029 1# - OTHER SYSTEM CONTROL NUMBER (OCLC) | |
| OCLC library identifier | GEBAY |
| System control number | 5918647 |
| 029 1# - OTHER SYSTEM CONTROL NUMBER (OCLC) | |
| OCLC library identifier | HR0 |
| System control number | 0415904129 |
| 029 1# - OTHER SYSTEM CONTROL NUMBER (OCLC) | |
| OCLC library identifier | NZ1 |
| System control number | 2307550 |
| 029 1# - OTHER SYSTEM CONTROL NUMBER (OCLC) | |
| OCLC library identifier | UKMGB |
| System control number | 012616677 |
| 029 1# - OTHER SYSTEM CONTROL NUMBER (OCLC) | |
| OCLC library identifier | YDXCP |
| System control number | 1486420 |
| 029 1# - OTHER SYSTEM CONTROL NUMBER (OCLC) | |
| OCLC library identifier | YDXCP |
| System control number | 1486422 |
| 035 ## - SYSTEM CONTROL NUMBER | |
| System control number | (OCoLC)38936699 |
| Canceled/invalid control number | (OCoLC)40610710 |
| 040 ## - CATALOGING SOURCE | |
| Original cataloging agency | DLC |
| Language of cataloging | eng |
| Transcribing agency | DLC |
| Modifying agency | C#P |
| -- | UKM |
| -- | NLGGC |
| -- | BAKER |
| -- | BTCTA |
| -- | YDXCP |
| -- | GEBAY |
| -- | EXW |
| -- | IESTP |
| -- | BDX |
| -- | OCLCO |
| -- | U9X |
| -- | OCLCF |
| -- | OCLCQ |
| -- | DEBBG |
| -- | OCLCQ |
| -- | I8M |
| -- | OCLCO |
| -- | BKL |
| -- | OCLCA |
| -- | OCLCQ |
| -- | CSJ |
| -- | OCLCQ |
| -- | MIH |
| -- | OCLCQ |
| -- | UKMGB |
| -- | IOG |
| -- | OCLCA |
| -- | OCLCQ |
| -- | UKBTH |
| -- | OCLCA |
| -- | IL4J6 |
| -- | OCLCO |
| 050 00 - LIBRARY OF CONGRESS CALL NUMBER | |
| Classification number | HM146 |
| Item number | .K65 |
| 080 ## - UNIVERSAL DECIMAL CLASSIFICATION NUMBER | |
| Universal Decimal Classification number | 396.2 |
| 082 00 - DEWEY DECIMAL CLASSIFICATION NUMBER | |
| Classification number | 305.42 |
| Edition number | 21 |
| 082 04 - DEWEY DECIMAL CLASSIFICATION NUMBER | |
| Classification number | 362.1082 |
| Edition number | 21 |
| 084 ## - OTHER CLASSIFICATION NUMBER | |
| Classification number | 02.99 |
| Number source | bcl |
| 084 ## - OTHER CLASSIFICATION NUMBER | |
| Classification number | CC 7200 |
| Number source | rvk |
| 084 ## - OTHER CLASSIFICATION NUMBER | |
| Classification number | CC 7750 |
| Number source | rvk |
| 084 ## - OTHER CLASSIFICATION NUMBER | |
| Classification number | MS 3070 |
| Number source | rvk |
| 084 ## - OTHER CLASSIFICATION NUMBER | |
| Classification number | MS 3200 |
| Number source | rvk |
| 100 1# - MAIN ENTRY--PERSONAL NAME | |
| Personal name | Kittay, Eva Feder, |
| Relator term | author. |
| 9 (RLIN) | 9830 |
| 245 10 - TITLE STATEMENT | |
| Title | Love's labor : |
| Remainder of title | essays on women, equality, and dependency / |
| Statement of responsibility, etc. | Eva Feder Kittay. |
| 246 3# - VARYING FORM OF TITLE | |
| Title proper/short title | Love's labour |
| 260 ## - PUBLICATION, DISTRIBUTION, ETC. | |
| Place of publication, distribution, etc. | New York : |
| Name of publisher, distributor, etc. | Routledge, |
| Date of publication, distribution, etc. | 1999. |
| 300 ## - PHYSICAL DESCRIPTION | |
| Extent | xvii, 238 pages ; |
| Dimensions | 24 cm |
| 336 ## - CONTENT TYPE | |
| Content type term | text |
| Content type code | txt |
| Source | rdacontent |
| 337 ## - MEDIA TYPE | |
| Media type term | unmediated |
| Media type code | n |
| Source | rdamedia |
| 338 ## - CARRIER TYPE | |
| Carrier type term | volume |
| Carrier type code | nc |
| Source | rdacarrier |
| 490 1# - SERIES STATEMENT | |
| Series statement | Thinking gender |
| 504 ## - BIBLIOGRAPHY, ETC. NOTE | |
| Bibliography, etc. note | Includes bibliographical references (pages 220-230) and index. |
| 505 00 - FORMATTED CONTENTS NOTE | |
| Title | Elusive Equality -- |
| -- | Feminist Critiques of Equality -- |
| -- | Should Women Still Want Equality? -- |
| -- | Love's Labor: The Requirements of Dependency -- |
| -- | Relationships of Dependency and Equality -- |
| -- | Reflections on Being a Mother's Child -- |
| -- | Dependency in the Human Condition -- |
| -- | Vulnerability and the Moral Nature of Dependency Relations -- |
| -- | The Transparent Self of the Dependency Worker -- |
| -- | Moral Obligations of Dependency Workers and an Ethics of Care -- |
| -- | Moral Obligations to the Dependency Worker -- |
| -- | Political Liberalism and Human Dependency -- |
| -- | Dependency as a Criterion of Adequacy -- |
| -- | The Role of Equality and Equality's Presuppositions -- |
| -- | The Arguments in Outline -- |
| -- | The Presuppositions of Equality -- |
| -- | The Circumstances of Justice for a Well-Ordered Society -- |
| -- | The Idealization That "All Citizens Are Fully Cooperating Members of Society" -- |
| -- | Free Persons Are "Self-Originating Sources of Valid Claims" -- |
| -- | The Benefits and Burdens of Social Cooperation -- |
| -- | The Two Powers of a Moral Person and the Index of Primary Goods -- |
| -- | The Public Conception of Social Cooperation -- |
| -- | Conclusion: The Principles of Justice and Dependency Concerns -- |
| -- | Some Mother's Child -- |
| -- | Policy and a Public Ethic of Care -- |
| -- | Welfare De-Form -- |
| -- | Justifications of Welfare -- |
| -- | The Family and Medical Leave Act -- |
| -- | Welfare Re-Formed: A Vision of Welfare Based on Doulia -- |
| -- | "Not My Way, Sesha. Your Way. Slowly." A Personal Narrative -- |
| -- | A Child Is Born -- |
| -- | Portrait of Sesha at Twenty-Seven -- |
| -- | On the Very Possibility of Mothering and the Challenge of the Severely Disabled Child. |
| 520 ## - SUMMARY, ETC. | |
| Summary, etc. | This fascinating study of women carers explores the significance of dependency work by analysing John Rawls' influential liberal theory and two examples of public policy - welfare reform and family leave - to show how both theory and policy fail women. |
| 600 17 - SUBJECT ADDED ENTRY--PERSONAL NAME | |
| Personal name | B�orngen, ... |
| Source of heading or term | gnd |
| 9 (RLIN) | 9831 |
| 650 #0 - SUBJECT ADDED ENTRY--TOPICAL TERM | |
| Topical term or geographic name entry element | Equality. |
| 9 (RLIN) | 8868 |
| 650 #0 - SUBJECT ADDED ENTRY--TOPICAL TERM | |
| Topical term or geographic name entry element | Dependency. |
| 9 (RLIN) | 9832 |
| 650 #0 - SUBJECT ADDED ENTRY--TOPICAL TERM | |
| Topical term or geographic name entry element | Caregivers. |
| 9 (RLIN) | 9833 |
| 650 #0 - SUBJECT ADDED ENTRY--TOPICAL TERM | |
| Topical term or geographic name entry element | Women's rights. |
| 9 (RLIN) | 2705 |
| 650 #0 - SUBJECT ADDED ENTRY--TOPICAL TERM | |
| Topical term or geographic name entry element | Equal rights amendments. |
| 9 (RLIN) | 9834 |
| 650 #6 - SUBJECT ADDED ENTRY--TOPICAL TERM | |
| Topical term or geographic name entry element | D�ependance (Politique) |
| 9 (RLIN) | 9835 |
| 650 #6 - SUBJECT ADDED ENTRY--TOPICAL TERM | |
| Topical term or geographic name entry element | Aidants naturels. |
| 9 (RLIN) | 9836 |
| 650 #6 - SUBJECT ADDED ENTRY--TOPICAL TERM | |
| Topical term or geographic name entry element | Femmes |
| General subdivision | Droits. |
| 9 (RLIN) | 9837 |
| 650 #6 - SUBJECT ADDED ENTRY--TOPICAL TERM | |
| Topical term or geographic name entry element | Equal Rights Amendment. |
| 9 (RLIN) | 9838 |
| 650 #7 - SUBJECT ADDED ENTRY--TOPICAL TERM | |
| Topical term or geographic name entry element | Caregivers. |
| Source of heading or term | fast |
| Authority record control number or standard number | (OCoLC)fst00847331 |
| 9 (RLIN) | 9833 |
| 650 #7 - SUBJECT ADDED ENTRY--TOPICAL TERM | |
| Topical term or geographic name entry element | Dependency. |
| Source of heading or term | fast |
| Authority record control number or standard number | (OCoLC)fst00890814 |
| 9 (RLIN) | 9832 |
| 650 #7 - SUBJECT ADDED ENTRY--TOPICAL TERM | |
| Topical term or geographic name entry element | Equal rights amendments. |
| Source of heading or term | fast |
| Authority record control number or standard number | (OCoLC)fst00914449 |
| 9 (RLIN) | 9834 |
| 650 #7 - SUBJECT ADDED ENTRY--TOPICAL TERM | |
| Topical term or geographic name entry element | Equality. |
| Source of heading or term | fast |
| Authority record control number or standard number | (OCoLC)fst00914456 |
| 9 (RLIN) | 8868 |
| 650 #7 - SUBJECT ADDED ENTRY--TOPICAL TERM | |
| Topical term or geographic name entry element | Women's rights. |
| Source of heading or term | fast |
| Authority record control number or standard number | (OCoLC)fst01178818 |
| 9 (RLIN) | 2705 |
| 650 #7 - SUBJECT ADDED ENTRY--TOPICAL TERM | |
| Topical term or geographic name entry element | Gleichberechtigung |
| Source of heading or term | gnd |
| 9 (RLIN) | 9839 |
| 650 #7 - SUBJECT ADDED ENTRY--TOPICAL TERM | |
| Topical term or geographic name entry element | Helfende Beziehung |
| Source of heading or term | gnd |
| 9 (RLIN) | 9840 |
| 650 #7 - SUBJECT ADDED ENTRY--TOPICAL TERM | |
| Topical term or geographic name entry element | Interdependenz |
| Source of heading or term | gnd |
| 9 (RLIN) | 9841 |
| 650 #7 - SUBJECT ADDED ENTRY--TOPICAL TERM | |
| Topical term or geographic name entry element | Soziale Rolle |
| Source of heading or term | gnd |
| 9 (RLIN) | 9842 |
| 650 #7 - SUBJECT ADDED ENTRY--TOPICAL TERM | |
| Topical term or geographic name entry element | Zwischenmenschliche Beziehung |
| Source of heading or term | gnd |
| 9 (RLIN) | 9843 |
| 650 #7 - SUBJECT ADDED ENTRY--TOPICAL TERM | |
| Topical term or geographic name entry element | Frau |
| Source of heading or term | gnd |
| 9 (RLIN) | 4497 |
| 650 17 - SUBJECT ADDED ENTRY--TOPICAL TERM | |
| Topical term or geographic name entry element | Vrouwen. |
| Source of heading or term | gtt |
| 9 (RLIN) | 4500 |
| 650 17 - SUBJECT ADDED ENTRY--TOPICAL TERM | |
| Topical term or geographic name entry element | Gelijkheid. |
| Source of heading or term | gtt |
| 9 (RLIN) | 9844 |
| 650 17 - SUBJECT ADDED ENTRY--TOPICAL TERM | |
| Topical term or geographic name entry element | Afhankelijkheid (algemeen) |
| Source of heading or term | gtt |
| 9 (RLIN) | 9845 |
| 650 #7 - SUBJECT ADDED ENTRY--TOPICAL TERM | |
| Topical term or geographic name entry element | Equality. |
| Source of heading or term | nli |
| 9 (RLIN) | 8868 |
| 650 #7 - SUBJECT ADDED ENTRY--TOPICAL TERM | |
| Topical term or geographic name entry element | Dependency. |
| Source of heading or term | nli |
| 9 (RLIN) | 9832 |
| 650 #7 - SUBJECT ADDED ENTRY--TOPICAL TERM | |
| Topical term or geographic name entry element | Caregivers. |
| Source of heading or term | nli |
| 9 (RLIN) | 9833 |
| 650 #7 - SUBJECT ADDED ENTRY--TOPICAL TERM | |
| Topical term or geographic name entry element | Women's rights. |
| Source of heading or term | nli |
| 9 (RLIN) | 2705 |
| 650 #7 - SUBJECT ADDED ENTRY--TOPICAL TERM | |
| Topical term or geographic name entry element | Equal rights amendments. |
| Source of heading or term | nli |
| 9 (RLIN) | 9834 |
| 651 #7 - SUBJECT ADDED ENTRY--GEOGRAPHIC NAME | |
| Geographic name | Gelijke rechten. |
| Source of heading or term | gtt |
| 9 (RLIN) | 9846 |
| 830 #0 - SERIES ADDED ENTRY--UNIFORM TITLE | |
| Uniform title | Thinking gender. |
| 9 (RLIN) | 9847 |
| 856 41 - ELECTRONIC LOCATION AND ACCESS | |
| Materials specified | Table of contents |
| Uniform Resource Identifier | <a href="http://bvbr.bib-bvb.de:8991/F?func=service&doc_library=BVB01&local_base=BVB01&doc_number=008492347&line_number=0001&func_code=DB_RECORDS&service_type=MEDIA">http://bvbr.bib-bvb.de:8991/F?func=service&doc_library=BVB01&local_base=BVB01&doc_number=008492347&line_number=0001&func_code=DB_RECORDS&service_type=MEDIA</a> |
| 856 42 - ELECTRONIC LOCATION AND ACCESS | |
| Materials specified | Publisher description |
| Uniform Resource Identifier | <a href="http://catdir.loc.gov/catdir/enhancements/fy0651/98018629-d.html">http://catdir.loc.gov/catdir/enhancements/fy0651/98018629-d.html</a> |
| 942 ## - ADDED ENTRY ELEMENTS (KOHA) | |
| Source of classification or shelving scheme | Library of Congress Classification |
| Koha item type | Books |
| 948 ## - LOCAL PROCESSING INFORMATION (OCLC); SERIES PART DESIGNATOR (RLIN) | |
| h (OCLC) | NO HOLDINGS IN GHUCC - 430 OTHER HOLDINGS |
No items available.